00413 2200157 4500001002100000008004100021035002000062245004500082100001800127260003200145300002200177020002200199084001400221082000800235990001200243INLIS000000000002848 IND  a0010-0925000195 aMoga Ayah Bunda Naik HajicSatria Atalla aSatria Atalla aJakartabRumah Oranyec2014 a288c(13 x 19 cm) a978-602-200-054-9 a813 SAT m a813 a0755070